| 000 | 01058nam a2200253 a 4500 | ||
|---|---|---|---|
| 001 | BRCA_563 | ||
| 005 | 20190320203050.0 | ||
| 008 | 890405m19862000sp-a---##b---s001-0#spa-d | ||
| 020 | _a847120102X (Obra completa) | ||
| 040 |
_aDLC _cDLC _dDLC |
||
| 050 | 4 |
_aNK3055 _b.P37 1986 |
|
| 245 | 1 | 0 | _aCatálogo de tápices del patrimonio nacional. |
| 260 |
_aMadrid _bEditorial Patrimonio Nacional _c1986-2000 |
||
| 300 |
_a3 v. _bil. (algunas a color) _c30 cm. |
||
| 500 | _aIncluye índice | ||
| 504 | _aBibliografía: p. 355-358 | ||
| 505 | 0 | _aContenido: v. 1. Siglo XVI / Paulina Junquera de Vega, Concha Herrero Carretero. -- v. 2. Siglo XVII / Paulina Junquera de Vega, Carmen Díaz Gallegos. -- v. 3. Siglo XVIII. Reinado de Felipe V / Concha Herrero Carretero | |
| 546 | _aTexto en español e inglés | ||
| 610 | 2 | 4 |
_aEspaña _vCatálogos _xReyes y soberanos _91944 |
| 650 | 1 | 4 |
_aTapicería, flamenca _vCatálogos _91945 |
| 650 | 1 | 4 |
_aTapicería, renacimiento _vCatálogos _zFlanders _91946 |
| 650 | 1 | 4 |
_aTapicería _vCatálogos _zEspaña _91947 |
| 942 |
_2lcc _cB |
||
| 999 |
_c494 _d494 |
||